000 01152nas a2200373 4500
001 BR2010005852
003 BR-BrBNA
005 20231205114757.0
007 ta
008 230509b bl.|||p| |||| 00| 00por d
040 _aBR-BrBNA
_bpor
_cBiblioteca Nacional de Agricultura
041 _a(Pt)
072 _aL53
100 1 _aLima-Verde, I.B.
100 1 _aMatos, M.H.T.
100 1 _aBruno, J.B.
100 1 _aMartins, F.S.
100 1 _aSantos, R.R.
100 1 _aBáo, S.N.
100 1 _aLuque, M.C.A.
100 1 _aVieira, G.A.B.
100 1 _aSilveira, E.R.
100 1 _aRodrigues, A.P.R.
100 1 _aFigueiredo, J.R.
100 1 _aOliveira, M.A.L.
100 1 _aLima, P.F.
245 1 _aEffects of alfa-tocopherol and ternatin antioxidants on morphology and activation of goat preantral follicles in vitro cultured
650 _aCAPRINO
650 _aREPRODUÇÃO ANIMAL
650 _aANTIOXIDANTE
773 0 _tArquivo Brasileiro de Medicina Veterinária e Zootecnia (Brazil)
_xISSN 0102-0935
_g(Feb 2009), v. 61(1) p. 57-65
_wBR2010005852
909 _a202311
_bLúcia
_c55
_dLúcia Elande
942 _2AGRIS
_n0
_cANA
999 _c210432
_d210432